ნორმალური ფორმატი
MARC ფორმატი
ჩანაწერი Corporate Name
ჩანაწერთა რაოდენობა, რომელიც გამოყენებულია: 1
001 - CONTROL NUMBER
- control field: 4545
003 - CONTROL NUMBER IDENTIFIER
- control field: GE_BSU
005 - DATE AND TIME OF LATEST TRANSACTION
- control field: 20191004172550.0
008 - FIXED-LENGTH DATA ELEMENTS
- fixed length control field: 191004|| aca||aabn | a|a d
040 ## - CATALOGING SOURCE
- Original cataloging agency: GE_BSU
- Transcribing agency: GE_BSU
110 ## - HEADING--CORPORATE NAME
- Corporate name or jurisdiction name as entry element: საქ. განათლ. და მეცნ. სამინ., ნიკო ბერძენიშვილის ინ-ტი.
670 ## - SOURCE DATA FOUND
- Source citation: Work cat.: (GE_BSU)38298: შიოშვილი, თინა 1855, ილია ჭავჭავაძე და ქართული ხალხური სიმღერა /
